000 00563nam a2200181Ia 4500
003 GCL
008 140319s9999 xx 000 0 ara d
040 _aGCL /
_cGCL
082 0 4 _a823.03
_bم ع
100 1 _aميللر, هنرى
245 1 0 _aعملاق ماروسى /
_cميللر, هنرى
700 1 _aاسامه منذلجى
300 _a263 ص
490 _aالهيئة العامة للاستعلامات
_v0
650 0 4 _aالقصص الانجليزية المترجمة
650 0 4 _aالادب الانجليزى القديم
942 _2ddc
_cBK
999 _c47280
_d47280